Statistics for 100 Biggest US Cities with Exceptions

Click here to take the quiz!

General Stats

  • This quiz has been taken 5,131 times
    (1,301 since last reset)
  • The average score is 71 of 100

Answers on the Map

Answers color-coded by a green-red scale on the quiz's map according to % correct below.
 

Answer Stats

CityStatePopulation% Correct
New YorkNY8,335,897
99%
SeattleWA749,256
99%
ChicagoIL2,665,039
98%
Las VegasNV656,274
98%
BostonMA650,706
97%
DenverCO713,252
97%
PhiladelphiaPA1,567,258
97%
PortlandOR635,067
97%
AtlantaGA499,127
96%
DetroitMI620,376
96%
New OrleansLA369,749
96%
Oklahoma CityOK694,800
96%
IndianapolisIN880,621
95%
Kansas CityKS509,297
95%
Kansas CityKS153,345
95%
NashvilleTN683,622
95%
ColumbusOH907,971
94%
ColumbusGA202,616
94%
MinneapolisMN425,096
94%
Salt Lake CityUT204,657
93%
WashingtonDC671,803
93%
AlbuquerqueNM561,008
92%
ClevelandOH361,607
92%
MemphisTN621,056
92%
PittsburghPA302,898
92%
BuffaloNY276,486
91%
CincinnatiOH309,513
91%
MilwaukeeWI563,305
91%
St. LouisMO286,578
91%
BaltimoreMD569,931
90%
BoiseID236,634
90%
HonoluluHI343,421
87%
LouisvilleKY624,444
87%
OmahaNE485,153
86%
St. PaulMN303,176
86%
Baton RougeLA221,453
85%
Des MoinesIA211,034
85%
RenoNV273,448
85%
JacksonMS145,995
84%
Little RockAR202,864
84%
RichmondVA229,395
84%
BirminghamAL196,910
83%
TulsaOK411,867
83%
AnchorageAK287,145
82%
Colorado SpringsCO486,248
82%
ProvidenceRI189,563
81%
CharlestonSC153,672
80%
MadisonWI272,903
79%
WichitaKS396,192
79%
LincolnNE292,627
78%
SpringfieldMO170,067
78%
SpringfieldMA154,064
78%
NewarkNJ305,344
77%
Virginia BeachVA455,618
77%
MontgomeryAL196,986
74%
RochesterNY209,352
72%
SalemOR177,487
72%
SavannahGA148,004
72%
LexingtonKY320,347
69%
MobileAL183,289
69%
Sioux FallsSD202,078
69%
SpokaneWA230,160
69%
KnoxvilleTN195,889
68%
ToledoOH266,301
68%
SyracuseNY144,451
67%
Grand RapidsMI196,908
66%
Jersey CityNJ286,670
64%
AkronOH188,509
62%
AugustaGA202,096
62%
AuroraCO393,537
60%
AuroraIL177,866
60%
TacomaWA221,776
60%
EugeneOR177,923
59%
Fort WayneIN267,927
59%
North Las VegasNV280,543
57%
NorfolkVA232,995
56%
ChattanoogaTN184,086
55%
HendersonNV331,415
52%
HuntsvilleAL221,933
52%
ShreveportLA180,153
52%
YonkersNY208,121
51%
BridgeportCT148,377
50%
WorcesterMA205,319
46%
MaconGA156,197
43%
AlexandriaVA155,525
40%
Newport NewsVA184,306
40%
Fort CollinsCO169,249
38%
ChesapeakeVA252,488
36%
VancouverWA194,512
36%
Overland ParkKS197,726
34%
JolietIL150,033
31%
RockfordIL146,713
31%
NapervilleIL149,936
29%
BellevueWA152,767
28%
PatersonNJ156,661
26%
ClarksvilleTN176,974
24%
MurfreesboroTN162,398
24%
OlatheKS145,616
21%
LakewoodCO156,120
18%
ThorntonCO143,282
13%

Score Distribution

Percentile by Number Answered

Percent of People with Each Score

Your Score History

You have not taken this quiz since the last reset